History by Images - 'N' - Statistics

General Stats
  • This quiz has been taken 69 times
  • The average score is 9 of 16
Answer Stats
Picture Hint Answer % Correct
Former French Emperor Napoleon Bonaparte
98%
French Gothic Cathedral Notre-Dame
93%
Extinct group of primates Neanderthal
84%
Final emperor of the Julio-Claudian dynasty Nero
84%
17th century New York New Amsterdam
82%
Crowned as tsar in 1896 Nicholas II
82%
Ancient Egyptian Queen Nefertiti
77%
First awarded in 1901 Nobel Prize
70%
A series of 13 military tribunals Nuremberg trials
66%
A group of over 700 geoglyphs Nazca Lines
39%
Parthenope of 8th or 9th century BC Naples
28%
Godthab in 1728 Nuuk
23%
American novelist Nathaniel Hawthorne
16%
Longest reigning Babylonian king Nebuchadnezzar II
16%
Ancient renowned learning center Nalanda
3%
1624 Japanese Castle Nijō
0%
No matching quizzes found
Score Distribution
Percent of People with Each Score
Percentile by Number Answered
Your Score History
You have not taken this quiz